<?xml version="1.0" encoding="UTF-8"?>
<collection xmlns:xsi="http://www.w3.org/2001/XMLSchema-instance" xsi:schemaLocation="http://www.loc.gov/MARC21/slim http://www.loc.gov/standards/marcxml/schema/MARC21slim.xsd" xmlns="http://www.loc.gov/MARC21/slim">
 <record>
  <leader>00000cmm a22000004a 4500</leader>
  <controlfield tag="001">UP-99796217611236431</controlfield>
  <controlfield tag="003">Buklod</controlfield>
  <controlfield tag="005">20241106113954.0</controlfield>
  <controlfield tag="006">m    go  j        </controlfield>
  <controlfield tag="007">cr |n |||auu|a</controlfield>
  <controlfield tag="008">241106s2011    cau     o  j |      eng d</controlfield>
  <datafield tag="020" ind1=" " ind2=" ">
   <subfield code="a">9781430238867 (eBook)</subfield>
  </datafield>
  <datafield tag="035" ind1=" " ind2=" ">
   <subfield code="a">(iLib)UPD-00215705696</subfield>
  </datafield>
  <datafield tag="040" ind1=" " ind2=" ">
   <subfield code="a">DMLR</subfield>
   <subfield code="e">rda</subfield>
  </datafield>
  <datafield tag="041" ind1=" " ind2=" ">
   <subfield code="a">eng</subfield>
  </datafield>
  <datafield tag="042" ind1=" " ind2=" ">
   <subfield code="a">DMLUC</subfield>
  </datafield>
  <datafield tag="084" ind1=" " ind2=" ">
   <subfield code="a">TJ 223 P76</subfield>
   <subfield code="b">T56 2011eb</subfield>
  </datafield>
  <datafield tag="100" ind1="1" ind2=" ">
   <subfield code="a">Timmis, Harold</subfield>
   <subfield code="e">author.</subfield>
  </datafield>
  <datafield tag="245" ind1="1" ind2="0">
   <subfield code="a">Practical arduino engineering</subfield>
   <subfield code="h">[electronic resource]</subfield>
   <subfield code="c">Harold Timmis.</subfield>
  </datafield>
  <datafield tag="264" ind1=" " ind2="1">
   <subfield code="a">Berkeley, California</subfield>
   <subfield code="b">Apress</subfield>
   <subfield code="c">2011.</subfield>
  </datafield>
  <datafield tag="300" ind1=" " ind2=" ">
   <subfield code="a">1 online resource (xv, 308 pages)</subfield>
   <subfield code="b">illustrations.</subfield>
  </datafield>
  <datafield tag="336" ind1=" " ind2=" ">
   <subfield code="a">text</subfield>
   <subfield code="2">rdacontent</subfield>
  </datafield>
  <datafield tag="337" ind1=" " ind2=" ">
   <subfield code="a">computer</subfield>
   <subfield code="2">rdamedia</subfield>
  </datafield>
  <datafield tag="338" ind1=" " ind2=" ">
   <subfield code="a">online resource</subfield>
   <subfield code="2">rdacarrier</subfield>
  </datafield>
  <datafield tag="506" ind1=" " ind2=" ">
   <subfield code="a">IP-based subscription, access limited to within on-campus computer network.</subfield>
   <subfield code="c">Access via Electronic Resources  of the UPD University Library Website.</subfield>
  </datafield>
  <datafield tag="520" ind1=" " ind2=" ">
   <subfield code="a">Arduino boards have impressed both hackers and professional engineers. Whether you're a hobbyist or a professional, it isn't just a breadboard and a hazy idea that keeps you going. It's essential to institute a proper design, device instrumentation and, indeed, test your project thoroughly before committing to a particular prototype. Practical Arduino Engineering begins by outlining the engineering process, from the basic requirements and preliminary design to prototyping and testing. Each and every chapter exemplifies this process and demonstrates how you can profit from the implementation solid engineering principles—regardless of whether you just play in your basement or you want to publicize and sell your devices. Arduino is a brilliant prototyping platform that allows users to test and iterate design ideas. Imitation by other Arduino makers, hackers and engineers often proves your design's popularity. Practical Arduino Engineering will teach you to follow the engineering process carefully; over time, you will be able to review and improve this process, and even extend its scope. Practical Arduino Engineering is not purely theoretical. In addition, you'll learn the process of hardware engineering as applicable to Arduino projects, and the importance of the process in each and every project presented in this book. To set the stage, Practical Arduino Engineering begins by reviewing the Arduino software landscape, then shows how to set up an Arduino project for testing. Even if you already know your compiler toolchain and the basics of Arduino programming, this refresher course can help fill in the gaps and explain why your compiler may spit out certain error messages. Practical Arduino Engineering then gradually builds up the engineering process, from single devices like LCDs, potentiometers and GPS modules, to the integration of several modules into larger projects, such as a wireless temperature measurement system, and ultimately an entire robot. The engineering projects become progressively more challenging throughout the first 4 engineering chapters. Next, you'll proceed with simple steps towards the first intelligent part of a robot: the object detector. You'll find yourself teaching your robot how to avoid very hot objects or insurmountable obstacles. The basic design requirements for a complete robot and, indeed, the detailed design and prototyping for robots can be extremely tricky, which is why engineering discipline is invaluable. Practical Arduino Engineering then enters the world of domestic engineering by introducing home alarm systems—not quite as simple as they seem. A solid, robust system can only be built by following the engineering process detailed in previous chapters, and this section reinforces that process. You'll then take a step further in your Arduino engineering process: instrumentation and control, and some error messaging using GSM. Control is introduced via the Xbox controller, a very powerful piece of technology able to play a considerable role in robotics projects. Having already learned to control motion and to sense and avoid objects, you'll learn how to debug your Arduino projects of varying complexities via the hardware instrumentation software LabVIEW. To complete the journey into Practical Arduino Engineering, you'll discover how to use a special Arduino board to rely on Bluetooth Mate Silver for control of domestic and mobile Arduino projects. Using Bluetooth Mate Silver, you'll learn to implement basic engineering design with almost any Arduino project, and be able to justify, build, debug, and extend Arduino-based designs using a solid engineering approach. Please note: the print version of this title is black &amp; white; the eBook is full color.</subfield>
  </datafield>
  <datafield tag="533" ind1=" " ind2=" ">
   <subfield code="a">Electronic reproduction.</subfield>
   <subfield code="b">New York</subfield>
   <subfield code="c">SpringerLink</subfield>
   <subfield code="d">2011.</subfield>
   <subfield code="n">Available via World Wide Web through SpringerLink.</subfield>
  </datafield>
  <datafield tag="650" ind1=" " ind2="0">
   <subfield code="a">Arduino (Programmable controller)</subfield>
  </datafield>
  <datafield tag="650" ind1=" " ind2="0">
   <subfield code="a">Prototypes, Engineering.</subfield>
  </datafield>
  <datafield tag="650" ind1=" " ind2="0">
   <subfield code="a">Electronics</subfield>
   <subfield code="x">Data processing.</subfield>
  </datafield>
  <datafield tag="650" ind1=" " ind2="0">
   <subfield code="a">Programmable controllers.</subfield>
  </datafield>
  <datafield tag="856" ind1="4" ind2="0">
   <subfield code="y">Available for UP System via SpringerLink.</subfield>
   <subfield code="u">https://doi.org/10.1007/978-1-4302-3886-7</subfield>
  </datafield>
  <datafield tag="905" ind1=" " ind2=" ">
   <subfield code="a">FO</subfield>
  </datafield>
  <datafield tag="852" ind1="0" ind2=" ">
   <subfield code="a">UPD</subfield>
   <subfield code="b">DMLR</subfield>
   <subfield code="h">TJ 223 P76</subfield>
   <subfield code="i">T56 2011eb</subfield>
  </datafield>
  <datafield tag="942" ind1=" " ind2=" ">
   <subfield code="a">Electronic Resource</subfield>
  </datafield>
 </record>
</collection>
